Théories relatives a l'esclavage en Espagne au XVIIe siècle / (Record no. 139200)

MARC details
000 -LEADER
campo de control de longitud fija 00590nam a2200181 i 4500
001 - NÚMERO DE CONTROL
campo de control 139200
003 - IDENTIFICADOR DE NÚMERO DE CONTROL
campo de control ES-MaACL
005 - FECHA Y HORA DE LA ÚLTIMA TRANSACCIÓN
campo de control 20250801083636.0
007 - CAMPO FIJO DE DESCRIPCIÓN FÍSICA--INFORMACIÓN GENERAL
campo de control de longitud fija t|
008 - DATOS DE LONGITUD FIJA--INFORMACIÓN GENERAL
campo de control de longitud fija 070214s1912 fr r ||||1| fre d
100 1# - ENTRADA PRINCIPAL--NOMBRE DE PERSONA
Nombre de persona Scelle, Georges.
9 (RLIN) 104157
245 10 - MENCIÓN DEL TÍTULO
Título Théories relatives a l'esclavage en Espagne au XVIIe siècle /
Mención de responsabilidad, etc. par Georges Scelle.
260 ## - PUBLICACIÓN, DISTRIBUCIÓN, ETC.
Lugar de publicación, distribución, etc. Paris :
Nombre del editor, distribuidor, etc. Marcel Riviére,
Fecha de publicación, distribución, etc. 1912.
500 ## - NOTA GENERAL
Nota general De la `Revue d'histoires des doctrines économiques et sociales`, año 1912.
650 #7 - PUNTO DE ACCESO ADICIONAL DE MATERIA--TÉRMINO DE MATERIA
Término de materia o nombre geográfico como elemento de entrada Esclavitud
Fuente del encabezamiento o término embne
9 (RLIN) 12358
852 ## - LOCALIZACIÓN
Ubicación ES-MaACL
Número de control de estantería T-1435-F-6
Holdings
Estatus retirado Estado de pérdida Estado de daño No para préstamo Colección Biblioteca de origen Biblioteca actual Ubicación en estantería Fecha de adquisición Fuente de adquisición Total de préstamos Signatura topográfica completa Código de barras Visto por última vez Precio de reemplazo Tipo de ítem Koha
        Colección de folletos Biblioteca del Ateneo de Madrid Biblioteca del Ateneo de Madrid Depósito folletos 17/01/2008     T-1435-F-6 1144859 23/02/2023 23/02/2023 Folleto